Catálogo

ANALSIS PRACTICO Y JURISPRUDENCIA DEL DERECHO DEL TRABAJO. (Registro nro. 27591)

Detalles MARC
000 -LEADER
fixed length control field 00964nam a2200193 a 4500
001 - CONTROL NUMBER
control field 27591
005 - DATE AND TIME OF LATEST TRANSACTION
control field 20180713230322.0
008 - FIXED-LENGTH DATA ELEMENTS--GENERAL INFORMATION
fixed length control field 140415s1987 000 0 spa d
020 ## - INTERNATIONAL STANDARD BOOK NUMBER
International Standard Book Number 9686034862
041 ## - LANGUAGE CODE
Language code of text/sound track or separate title spa
082 ## - DEWEY DECIMAL CLASSIFICATION NUMBER
Classification number 344.7201
Item number BOL
100 1# - MAIN ENTRY--PERSONAL NAME
Personal name ANDRADE SÁNCHEZ, EDUARDO
245 10 - TITLE STATEMENT
Title ANALSIS PRACTICO Y JURISPRUDENCIA DEL DERECHO DEL TRABAJO.
250 ## - EDITION STATEMENT
Edition statement 1a ed.
260 ## - PUBLICATION, DISTRIBUTION, ETC.
Place of publication, distribution, etc. [s.l.] :
Name of publisher, distributor, etc. SISTA,
Date of publication, distribution, etc. 1987
300 ## - PHYSICAL DESCRIPTION
Extent 945
Dimensions 16 x 7 x 24
500 ## - GENERAL NOTE
General note EL LIBRO CONTIENE ESPACIO PARA NOTAS.
520 ## - SUMMARY, ETC.
Summary, etc. AL DERECHO DEL TRABAJO PODEMOS DEFINIRLO COMO EL CONUNTO DE DISPOSICIONES PRINCIPIOS INSTITUCIONALES Y NORMAS LEGALES, SUSTANTIVAS Y ADJETIVAS, DESTINADAS A REGULAR, LOS ACTOS OBLIGACIONES Y DERECHOS ASI COMO LAS RELACIONES Y LOS CONFLICTOS OBRERO PATRONALES, LOS ORGANOS JURISDICIONALES Y LAS DEPENDENCIAS ADMINISTRATIVAS DE TRABAJO, LOS ORGANISMOS DE CLASE , OBREROS Y PATRONALES, SUS CRACTERISTICAS, REQUSITOS Y PERSONALIDAD.
Existencias
Withdrawn status Lost status Source of classification or shelving scheme Damaged status Not for loan Collection code Home library Current library Shelving location Date acquired Source of acquisition Total Checkouts Full call number Barcode Date last seen Date last checked out Price effective from Koha item type
    Dewey Decimal Classification     General Tehuacán Tehuacán Sala general 03/12/2013 Compra 1 344.7201 BOL 500978 08/01/2025 20/08/2019 03/12/2013 Libro